000 00454nam a2200181Ia 4500
005 20250326142052.0
008 250326s9999 xx 000 0 und d
037 _aTextbook
040 _aFMSL
_beng
_cFMSL
041 _aeng
_2eng
084 _qFMSL
100 _aNierenberg G I
_9745513
245 0 _aArt of negotiating
_cNierenberg G I
260 _aPocket
_bPocket, Books
_c1981
300 _a254p
942 _cTB
999 _c1293289
_d1293289